al-Khaṭābah al-ʻArabīyah fī ʻaṣrihā al-dhahabī, (Record no. 47446)
[ view plain ]
| 000 -LEADER | |
|---|---|
| fixed length control field | 00792cam a22002531 4500 |
| 001 - CONTROL NUMBER | |
| control field | ne 64002493 |
| 003 - CONTROL NUMBER IDENTIFIER | |
| control field | DLC |
| 005 - DATE AND TIME OF LATEST TRANSACTION | |
| control field | 20260227111805.0 |
| 008 - FIXED-LENGTH DATA ELEMENTS--GENERAL INFORMATION | |
| fixed length control field | 900620s1964 le b 000 0 arar |
| 010 ## - LIBRARY OF CONGRESS CONTROL NUMBER | |
| LC control number | ne 64002493 |
| 025 ## - OVERSEAS ACQUISITION NUMBER | |
| Overseas acquisition number | PL480:UAR-4413 |
| 035 ## - SYSTEM CONTROL NUMBER | |
| System control number | (OCoLC)21891280 |
| 040 ## - CATALOGING SOURCE | |
| Original cataloging agency | DLC |
| Transcribing agency | WaU |
| Modifying agency | DLC |
| 042 ## - AUTHENTICATION CODE | |
| Authentication code | premarc |
| 043 ## - GEOGRAPHIC AREA CODE | |
| Geographic area code | ma----- |
| 050 00 - LIBRARY OF CONGRESS CALL NUMBER | |
| Classification number | PJ7577.5 |
| Item number | .N8 |
| 100 1# - MAIN ENTRY--PERSONAL NAME | |
| Personal name | Nuṣṣ, Iḥsān. |
| 245 13 - TITLE STATEMENT | |
| Title | al-Khaṭābah al-ʻArabīyah fī ʻaṣrihā al-dhahabī, |
| Statement of responsibility, etc. | taʼlīf Ih̄sān al-Nuṣṣ. |
| 260 ## - PUBLICATION, DISTRIBUTION, ETC. | |
| Place of publication, distribution, etc. | [al-Qāhirah] |
| Name of publisher, distributor, etc. | Dār al-Maʻārif |
| Date of publication, distribution, etc. | 1963 [i. e. 1964] |
| 300 ## - PHYSICAL DESCRIPTION | |
| Extent | 410 p. |
| Dimensions | 24 cm. |
| 440 #0 - SERIES STATEMENT/ADDED ENTRY--TITLE | |
| Title | Maktabat al-dirāsāt al-adabīyah, |
| Volume/sequential designation | 30 |
| 504 ## - BIBLIOGRAPHY, ETC. NOTE | |
| Bibliography, etc. note | Bibliography: p. 401-406. |
| 650 #0 - SUBJECT ADDED ENTRY--TOPICAL TERM | |
| Topical term or geographic name entry element | Speeches, addresses, etc., Arabic |
| General subdivision | History and criticism. |
No items available.